Historia del arte, enseñanza y profesores
Shranjeno v:
| Glavni avtor: | |
|---|---|
| Format: | Knjiga |
| Jezik: | španščina |
| Izdano: |
Sevilla
Díada
2001
|
| Serija: | Colección Investigación y Enseñanza. Serie Fundamentos, 14
|
| Teme: | |
| Oznake: |
Označite
Brez oznak, prvi označite!
|
MARC
| LEADER | 00000nam a2200000 a 4500 | ||
|---|---|---|---|
| 001 | UCL4884 | ||
| 003 | CL-VaPUC | ||
| 008 | 040227e20010000SP |||||||||||||||||spa|d | ||
| 020 | |a 8487118909 | ||
| 082 | 0 | 4 | |a 700.7 |b AVI |2 21 |
| 100 | 0 | |a Avila Ruiz, Rosa María |e author |9 482583 | |
| 245 | 1 | 0 | |a Historia del arte, enseñanza y profesores |
| 300 | |a 216 p | ||
| 942 | |c BK | ||
| 945 | |d 20040227 00:00:00 |a cmena | ||
| 260 | |a Sevilla |b Díada |c 2001 | ||
| 650 | 0 | |a Educación artística |9 269035 | |
| 650 | 0 | |a Métodos de enseñanza |9 270413 | |
| 650 | 0 | |a Planificación del currículo |9 269599 | |
| 650 | 0 | |a Historia del arte |9 314877 | |
| 650 | 0 | |a Capacitación docente |9 312871 | |
| 583 | |a last modification |c 20170828 12:44:10 |k Rodrigo Vera | ||
| 490 | 0 | |a Colección Investigación y Enseñanza. Serie Fundamentos, 14 | |
| 999 | |c 307639 |d 307637 | ||
| 952 | |0 0 |1 0 |4 0 |6 700_700000000000000_AVI_2001 |7 0 |8 A |9 373683 |a BIBHIS |b BIBHIS |d 2019-11-21 |i 3986276 |o 700.7 AVI 2001 |p 3986276 |r 2025-01-20 |w 2019-11-21 |y BK |k HIS | ||